| 000 | 00361pam a2200157a 44500 | ||
|---|---|---|---|
| 008 | 230515b2008 xxu||||| |||| 00| 0 eng d | ||
| 020 | _aNULL | ||
| 041 | _aMARATHI | ||
| 082 | _a611 | ||
| 100 | _aDR. ANURADHA GODBOLE | ||
| 245 | _aAAHAR NITYACHA PATYACHA | ||
| 250 | _a2004 | ||
| 260 |
_aNULL _b"ARNOLD , LONDON," _c2008 |
||
| 300 | _a301 | ||
| 650 | _aN.D. | ||
| 999 |
_c526995 _d526995 |
||